Normal view
MARC view
- Jerke, Noel
Entry Personal Name
001 - CONTROL NUMBER
- control field: 56765
003 - CONTROL NUMBER IDENTIFIER
- control field: NUST
005 - DATE AND TIME OF LATEST TRANSACTION
- control field: 20210628201754.0
008 - FIXED-LENGTH DATA ELEMENTS
- fixed length control field: 210628|| aca||aabn | a|a d
040 ## - CATALOGING SOURCE
- Original cataloging agency: NUST
- Transcribing agency: NUST
100 ## - HEADING--PERSONAL NAME
- Personal name: Jerke, Noel
670 ## - SOURCE DATA FOUND
- Source citation: Work cat.: (NUST): Jerke, Noel, E-commerce developer's guide , building community and using promotional tools, 2001
